| 000 | 00720nam a2200181 a 4500 | ||
|---|---|---|---|
| 008 | 070425s2003 ||||||||||||||||| || u | ||
| 020 | _a1844070263 | ||
| 050 | _aHC 85 Man | ||
| 100 | _aPound, Barry | ||
| 245 | 1 | 0 |
_aManaging natural resources for sustainable livelihoods: uniting science and participation _cedited by Barry Pound; and others |
| 260 |
_aLondon: _bEarthscan _c2003 |
||
| 300 | _axix, 252p.;ill. | ||
| 350 | _a0.00 | ||
| 650 | 0 | _aENVIRONMENTAL POLICY--MACEDONIA | |
| 650 | _aNATURAL RESOURCES--MANAGEMENT | ||
| 650 | _aENVIRONMENT | ||
| 995 |
_D0.00 _FCBU-MAIN LIBRARY (Kitwe) _H1 _I0.00 _M1 _UAVAILABLE _WApr 25, 2007 _ZMain Library Open Access Collection |
||
| 999 |
_c50187 _d50187 |
||